Lights, camera, action ! : (Record no. 9173)
[ view plain ]
| 000 -LEADER | |
|---|---|
| fixed length control field | 00575nam a22001817a 4500 |
| 003 - CONTROL NUMBER IDENTIFIER | |
| control field | SISC |
| 005 - DATE AND TIME OF LATEST TRANSACTION | |
| control field | 20160307143026.0 |
| 008 - FIXED-LENGTH DATA ELEMENTS--GENERAL INFORMATION | |
| fixed length control field | 130823t xxu||||| |||| 00| 0 eng d |
| 050 ## - LIBRARY OF CONGRESS CALL NUMBER | |
| Classification number | PN 1995 |
| Item number | .L734 1994 |
| 082 ## - DEWEY DECIMAL CLASSIFICATION NUMBER | |
| Classification number | HS 778.59 |
| Item number | Li63 1994 |
| 100 ## - MAIN ENTRY--PERSONAL NAME | |
| Personal name | Limpus, Bruce |
| 9 (RLIN) | 12667 |
| 245 ## - TITLE STATEMENT | |
| Title | Lights, camera, action ! : |
| Remainder of title | a guide to video instruction and production in the classroom / |
| Statement of responsibility, etc | Bruce Limpus. |
| 260 ## - PUBLICATION, DISTRIBUTION, ETC. (IMPRINT) | |
| Place of publication, distribution, etc | Waco, Texas : |
| Name of publisher, distributor, etc | Prufrock Press, |
| Date of publication, distribution, etc | 1994. |
| 300 ## - PHYSICAL DESCRIPTION | |
| Extent | 88 p. ; |
| Dimensions | 28 cm. |
| 650 ## - SUBJECT ADDED ENTRY--TOPICAL TERM | |
| Topical term or geographic name as entry element | Videotape recorders and recording |
| 9 (RLIN) | 12668 |
| 942 ## - ADDED ENTRY ELEMENTS (KOHA) | |
| Source of classification or shelving scheme | Library of Congress Classification |
| Koha item type | Books |
| Withdrawn status | Lost status | Source of classification or shelving scheme | Damaged status | Home library | Current library | Shelving location | Date acquired | Total Checkouts | Full call number | Barcode | Date last seen | Copy number | Price effective from | Koha item type |
|---|---|---|---|---|---|---|---|---|---|---|---|---|---|---|
| Library of Congress Classification | Luxembourg Library | Luxembourg Library | High School Section | 08/23/2013 | PN 1995 .L734 1994 | 6723 | 06/19/2019 | 1 | 08/23/2013 | Books |